Normal view
MARC view
Entry Topical Term
001 - CONTROL NUMBER
- control field: 17198
003 - CONTROL NUMBER IDENTIFIER
- control field: BD-RjUL
005 - DATE AND TIME OF LATEST TRANSACTION
- control field: 20251019153257.0
008 - FIXED-LENGTH DATA ELEMENTS
- fixed length control field: 251019|| aca||aabn | a|a d
040 ## - CATALOGING SOURCE
- Original cataloging agency: BD-RjUL
- Transcribing agency: BD-RjUL
150 ## - HEADING--TOPICAL TERM
- Topical term or geographic name entry element: কৃষি প্রকৌশল
670 ## - SOURCE DATA FOUND
- Source citation: Work cat.: (BD-RjUL)85869: মন্ডল, মোঃ নজরুল ইসলাম 17197, ট্রাক্টর ও কৃষি যন্ত্রের ব্যবহার এবং রক্ষনাবেক্ষণ তত্ত্ব /, ১৯৯২